000 00639nam a2200241Ia 4500
005 20260430150323.0
008 008 250103s9999 xx 000 0 eng d
037 _aTheses
040 _aCRL
040 _beng
040 _ceng
041 _2eng
041 _aeng
084 _qCRL
100 _aGupta Meenakshi Au.; Srivastava Manjari Gu.
_91237138
245 0 _aWell-Posedness and Stability in Set Optimization
260 _c2022
300 _a103
650 _aMathematics
700 _aUniversity of Delhi. Faculty of Mathematical Sciences. Deptt. of Mathematics
_91237071
942 _cTH
999 _c1849504
_d1849504